000
00192 a2200097 4500
001
23494
100
_a
Barna, P S
245
_a
Fluid
260
_a
_b
Butterworth
_c
1969
090
_c
15884
_d
15884
942
_a
NUST-CAE
_c
M
_c
6540
999
_c
258567
_d
258567